00509nam a2200169Ia 4500008004100000020001800041041000800059082001300067100001500080245004600095260004100141300000900182440000600191500008500197650002300282700003400305230125s9999 xx 000 0 und d a9789381626436 aeng a823bCAN aCanfield J aChicken Soup For The Indian Couples Soul. c2011bWestland PublicationsaChennai a403p v1 aChicken Soup for the Soul Series Book;English Literature;Literature;Series Book; aEnglish Literature aCanfield J; Hansen M & Dutt R